Cyclodextrins and Their Complexes Chemistry, Analytical Methods, Applications

Enregistré dans:
Détails bibliographiques
Auteur principal: Dodziuk, Helena
Format: Livre
Langue:anglais
Publié: Weinheim Wiley-VCH Verlag 2006
Sujets:
Accès en ligne:Voir à l'OPAC
Tags: Ajouter un tag
Pas de tags, Soyez le premier à ajouter un tag!

MARC

LEADER 00000nam a2200000 a 4500
005 20260127134301.0
008 071106 2006 gw 000 0 eng d
020 |a 3527312803 
035 |a vtls009156161 
039 9 |y 200711060855  |z mschk02 
040 |a STUSCHK1  |b slo  |c STUSCHK1  |e AACR2 
080 |a 547.7/815 
100 1 |a Dodziuk, Helena 
245 1 |a Cyclodextrins and Their Complexes  |b Chemistry, Analytical Methods, Applications  |c Helena Dodziuk 
260 |a Weinheim  |b Wiley-VCH Verlag  |c 2006 
300 |a xvii, 489 p.  |b ill.  |c 24,5 cm 
650 0 |a Cyclodextrins 
910 |a SCHK95 
919 |a 3-527-31280-3 
999 |c 8731  |d 8731